[Event "BL 1718 USV TU Dresden - Hamburger SK"]
[Site "?"]
[Date "2017.10.23"]
[Round "1.6"]
[White "Neef, Maximilian"]
[Black "Ftacnik, Lubomir"]
[Result "1/2-1/2"]
[WhiteElo "2453"]
[BlackElo "2546"]
[PlyCount "58"]
[EventDate "2017.??.??"]

1. c4 c5 2. Nf3 Nf6 3. Nc3 e6 4. g3 b6 5. Bg2 Bb7 6. O-O Be7 7. d4 cxd4 8. Qxd4
d6 9. Bg5 a6 10. Bxf6 Bxf6 11. Qf4 O-O 12. Rfd1 Be7 13. Ne4 Bxe4 14. Qxe4 Ra7
15. Nd4 Rc7 16. b3 Re8 17. a4 Bf6 18. Ra2 Qc8 19. a5 bxa5 20. Nf3 d5 21. cxd5
exd5 22. Qb1 Nc6 23. e3 Nb4 24. Rxa5 Rc2 25. Ra4 Qc5 26. Nd4 Rc3 27. Ne2 Rc2
28. Nd4 Rc3 29. Ne2 Rc2 1/2-1/2

[Event "BL 1718 USV TU Dresden - Hamburger SK"]
[Site "?"]
[Date "2017.10.23"]
[Round "1.7"]
[White "Rogozenco, Dorian"]
[Black "Maiwald, Jens-Uwe"]
[Result "1-0"]
[WhiteElo "2472"]
[BlackElo "2452"]
[PlyCount "82"]
[EventDate "2017.??.??"]

1. d4 d6 2. Nf3 g6 3. c4 Bg7 4. Nc3 Nf6 5. g3 O-O 6. Bg2 c6 7. O-O Qa5 8. e4 e5
9. h3 Nbd7 10. Re1 exd4 11. Nxd4 Re8 12. Be3 Ne5 13. Qe2 Be6 14. Nxe6 fxe6 15.
a3 a6 16. b4 Qc7 17. Rac1 Nf7 18. Qa2 Kh8 19. Red1 Qe7 20. Qb3 Nd7 21. c5 dxc5
22. bxc5 Nxc5 23. Qb6 Nd7 24. Qxb7 Nfe5 25. f4 Reb8 26. Qc7 Rc8 27. Qd6 Qxd6
28. Rxd6 Nc4 29. Rxd7 Nxe3 30. e5 Rab8 31. Ne4 Rb2 32. Bf3 Nf5 33. Ng5 Nxg3 34.
Nxe6 Bh6 35. Rxc6 Rcb8 36. Rdc7 Kg8 37. Rc8+ Rxc8 38. Rxc8+ Kf7 39. Bd5 Ne2+
40. Kf1 Ng3+ 41. Ke1 Rb5 1-0

[Event "BL 1718 USV TU Dresden - Hamburger SK"]
[Site "?"]
[Date "2017.10.23"]
[Round "1.8"]
[White "Hoffmann, Paul"]
[Black "Sebastian, Dirk"]
[Result "1/2-1/2"]
[WhiteElo "2384"]
[BlackElo "2441"]
[PlyCount "86"]
[EventDate "2017.??.??"]

1. e4 e5 2. Bc4 Nf6 3. d3 Nc6 4. Nf3 Be7 5. O-O O-O 6. Nbd2 d6 7. c3 Na5 8. Bb5
a6 9. Ba4 b5 10. Bc2 c5 11. a4 b4 12. cxb4 cxb4 13. Nc4 Nxc4 14. dxc4 Nd7 15.
Be3 Qc7 16. Nd2 a5 17. Rc1 Nc5 18. f4 exf4 19. Bxf4 Bf6 20. Nf3 Be5 21. Nxe5
dxe5 22. Be3 Bb7 23. Qg4 b3 24. Bb1 Ra6 25. Rfd1 Rg6 26. Qf5 Nxa4 27. c5 Nxb2
28. Rd7 Qc8 29. Rd2 Na4 30. Qxe5 Qe6 31. Qd4 Bc6 32. Rc4 Qh3 33. Bf4 Qh5 34.
Bd6 Rc8 35. Rxa4 Bxa4 36. Qxa4 Rxd6 37. cxd6 Rc1+ 38. Kf2 Qh4+ 39. Ke2 Qe1+ 40.
Kd3 Qf1+ 41. Kd4 Qg1+ 42. Kd3 Qf1+ 43. Kd4 Qg1+ 1/2-1/2

[Event "BL 1718 Schachfr. Berlin - SK Norderste"]
[Site "?"]
[Date "2017.10.23"]
[Round "1.1"]
[White "Trent, Lawrence"]
[Black "Piorun, Kacper"]
[Result "1/2-1/2"]
[WhiteElo "2435"]
[BlackElo "2640"]
[PlyCount "91"]
[EventDate "2017.??.??"]

1. e4 c6 2. Nc3 d5 3. Nf3 Nf6 4. e5 Ne4 5. Ne2 Qb6 6. d4 e6 7. Ng3 Nxg3 8. hxg3
c5 9. c3 cxd4 10. cxd4 Nc6 11. a3 a5 12. Bd3 Bd7 13. Bxh7 O-O-O 14. Rh3 Be7 15.
Bc2 g5 16. Bxg5 Bxg5 17. Nxg5 Nxd4 18. Bh7 Kb8 19. Rh4 Nb3 20. Rb1 Rc8 21. Kf1
Rc7 22. Bc2 Rxh4 23. gxh4 Bb5+ 24. Kg1 Nd4 25. Bd3 Bxd3 26. Qxd3 Rc2 27. Nf3
Ne2+ 28. Kh2 Rxb2 29. Rxb2 Qxb2 30. Qd2 Qxd2 31. Nxd2 Kc7 32. h5 Kd8 33. h6 Nf4
34. h7 Ng6 35. Nb3 b6 36. f4 Ke7 37. g4 Nh8 38. Nd4 f6 39. a4 fxe5 40. fxe5 Kf7
41. Kg3 Ng6 42. g5 Kg7 43. Nxe6+ Kxh7 44. Nf4 Nxe5 45. Nxd5 Kg6 46. Nxb6
1/2-1/2

[Event "BL 1718 Schachfr. Berlin - SK Norderste"]
[Site "?"]
[Date "2017.10.23"]
[Round "1.2"]
[White "Vocaturo, Daniele"]
[Black "Ostrovskiy, Andrey"]
[Result "0-1"]
[WhiteElo "2607"]
[BlackElo "2444"]
[PlyCount "138"]
[EventDate "2017.??.??"]

1. e4 e5 2. Nf3 Nc6 3. Bc4 Bc5 4. c3 Nf6 5. d3 a6 6. O-O d6 7. Bg5 h6 8. Bh4
Ba7 9. a4 Qe7 10. Nbd2 Be6 11. b4 O-O 12. Re1 Bxc4 13. Nxc4 Qe6 14. b5 Ne7 15.
Bxf6 Qxf6 16. Rb1 Qe6 17. a5 axb5 18. Rxb5 Rab8 19. Qb3 Ng6 20. Nb6 Bxb6 21.
axb6 c6 22. Qxe6 fxe6 23. Ra5 c5 24. Rea1 Nf4 25. Ne1 c4 26. Kf1 Nxd3 27. Nxd3
cxd3 28. Rd1 Rfc8 29. Rxd3 Rc6 30. Ra1 Kf7 31. Rad1 Ke7 32. Rg3 Rg8 33. Rb1 Rc4
34. Rb4 Rc6 35. c4 Rcc8 36. Ke2 Ra8 37. Rb2 Ra4 38. Rc3 Rc8 39. Kd3 Kd7 40. h4
Kc6 41. h5 Rf8 42. Ke3 Ra1 43. Ke2 Rf7 44. Rg3 Kc5 45. Rd3 Ra4 46. f3 Rxc4 47.
Ra3 Rf8 48. Kd3 d5 49. Ra5+ Kc6 50. exd5+ exd5 51. Ra1 Rc5 52. Rb4 d4 53. Rb3
Rf5 54. Ra8 Rb5 55. Rxb5 Kxb5 56. Rg8 Rxh5 57. Rxg7 Kxb6 58. Re7 Rg5 59. g4 h5
60. gxh5 Rxh5 61. Rf7 Kc6 62. Ke4 Rh1 63. f4 Re1+ 64. Kd3 Re3+ 65. Kd2 e4 66.
Re7 b5 67. f5 Kd5 68. Rd7+ Ke5 69. f6 Rd3+ 0-1

[Event "BL 1718 Schachfr. Berlin - SK Norderste"]
[Site "?"]
[Date "2017.10.23"]
[Round "1.3"]
[White "Kopylov, Michael"]
[Black "Mista, Aleksander"]
[Result "1/2-1/2"]
[WhiteElo "2424"]
[BlackElo "2595"]
[PlyCount "80"]
[EventDate "2017.??.??"]

1. d4 Nf6 2. c4 g6 3. Nf3 Bg7 4. g3 d5 5. cxd5 Nxd5 6. Bg2 Nb6 7. O-O Nc6 8.
Nc3 Nxd4 9. Nxd4 Qxd4 10. a4 Qxd1 11. Rxd1 Bxc3 12. bxc3 a5 13. Bf4 c6 14. Bc7
Nd7 15. Bh3 f5 16. e4 O-O 17. exf5 Nc5 18. Re1 Bxf5 19. Bxf5 Rxf5 20. Rxe7 Rf7
21. Rxf7 Kxf7 22. c4 Re8 23. Rb1 Nxa4 24. Bxa5 Re7 25. Kg2 c5 26. Ra1 Nb2 27.
Bb6 Nxc4 28. Bxc5 Rc7 29. Bb4 b5 30. Ra6 Ke8 31. Kf3 Ne5+ 32. Ke4 Ng4 33. Kd5
Kf7 34. Rb6 Nxh2 35. Rxb5 Ng4 36. f3 Ne3+ 37. Ke4 Nf5 38. g4 Ng7 39. Bd6 Rd7
40. Be5 Ne6 1/2-1/2

[Event "BL 1718 Schachfr. Berlin - SK Norderste"]
[Site "?"]
[Date "2017.10.23"]
[Round "1.4"]
[White "Tomczak, Jacek"]
[Black "Krause, Benedict"]
[Result "1-0"]
[WhiteElo "2583"]
[BlackElo "2453"]
[PlyCount "79"]
[EventDate "2017.??.??"]

1. e4 c6 2. d4 d5 3. Nc3 dxe4 4. Nxe4 Bf5 5. Ng3 Bg6 6. h4 h6 7. Nf3 Nd7 8. h5
Bh7 9. Bd3 Bxd3 10. Qxd3 e6 11. Bd2 Ngf6 12. O-O-O Be7 13. Kb1 O-O 14. Ne4 Nxe4
15. Qxe4 Nf6 16. Qe2 Qd5 17. Be3 b5 18. Ne5 Bd6 19. Nd3 Rfe8 20. f4 Qe4 21. Rh3
Nd5 22. Rf3 a5 23. Nf2 Qh7 24. Bd2 a4 25. g4 b4 26. Ne4 b3 27. axb3 Bb4 28.
Bxb4 Nxb4 29. Re1 f5 30. gxf5 Qxf5 31. Nd6 Qa5 32. bxa4 Qd5 33. Nxe8 Qa2+ 34.
Kc1 Qa1+ 35. Kd2 Qxb2 36. Qxe6+ Kh8 37. Rc3 Nd5 38. Qxc6 Rd8 39. Nd6 Rxd6 40.
Qc8+ 1-0

[Event "BL 1718 Schachfr. Berlin - SK Norderste"]
[Site "?"]
[Date "2017.10.23"]
[Round "1.5"]
[White "Parvanyan, Ashot"]
[Black "Schneider, Ilja"]
[Result "1/2-1/2"]
[WhiteElo "2374"]
[BlackElo "2506"]
[PlyCount "82"]
[EventDate "2017.??.??"]

1. Nf3 Nf6 2. g3 b5 3. Bg2 Bb7 4. Na3 a6 5. c4 b4 6. Nc2 c5 7. O-O e6 8. d4
cxd4 9. Qxd4 Be7 10. Bf4 Be4 11. Qd2 Nc6 12. Rfd1 O-O 13. Ne3 Qa5 14. Bd6 Rfd8
15. Bxe7 Nxe7 16. a3 Rab8 17. axb4 Qxb4 18. Qxb4 Rxb4 19. Rxa6 Rxb2 20. Ne5
Bxg2 21. Kxg2 Kf8 22. Kf3 Ke8 23. Ra7 Ng6 24. Nxg6 hxg6 25. c5 Rc8 26. Ng4 Nxg4
27. Kxg4 Rxe2 28. Kf3 Re5 29. Rdxd7 Rf5+ 30. Kg2 Rcxc5 31. Rdb7 Rcd5 32. Ra8+
Rd8 33. Rxd8+ Kxd8 34. g4 Rf6 35. Rb8+ Ke7 36. Rg8 Rf4 37. Kg3 Ra4 38. Rxg7
Ra3+ 39. Kg2 Kf6 40. Rg8 Kg5 41. Rf8 f5 1/2-1/2

[Event "BL 1718 Schachfr. Berlin - SK Norderste"]
[Site "?"]
[Date "2017.10.23"]
[Round "1.6"]
[White "Baldauf, Marco"]
[Black "Powierski, Emil"]
[Result "1-0"]
[WhiteElo "2483"]
[BlackElo "2334"]
[PlyCount "101"]
[EventDate "2017.??.??"]

1. d4 Nf6 2. c4 e6 3. Nc3 Bb4 4. f3 c5 5. d5 O-O 6. e4 d6 7. Nge2 a6 8. Ng3 b5
9. Bf4 exd5 10. cxd5 c4 11. a4 Ba5 12. Be2 Qb6 13. Qd2 Nbd7 14. Nf5 Nc5 15.
Ne7+ Kh8 16. Rd1 Nb3 17. Qe3 Qc7 18. Nc6 Nh5 19. Nxa5 Nxf4 20. Qxf4 Nxa5 21.
axb5 Rb8 22. bxa6 Rxb2 23. a7 Ba6 24. O-O Nb3 25. Qe3 Ra8 26. e5 Qxa7 27. Qxa7
Rxa7 28. exd6 Rd7 29. Rfe1 g6 30. Bf1 Kg7 31. Re4 Rd2 32. Bxc4 Rxd1+ 33. Nxd1
Bxc4 34. Rxc4 Rxd6 35. Nc3 Rd7 36. Kf2 Na5 37. Ra4 Rc7 38. Ne4 Rc2+ 39. Ke3
Nc4+ 40. Kd3 Nb2+ 41. Kxc2 Nxa4 42. Kd3 f5 43. Nc3 Nb6 44. Kd4 Kf6 45. Kc5 Nd7+
46. Kd6 Ne5 47. Nb5 g5 48. Kc7 f4 49. Nd4 Nf7 50. d6 h5 51. d7 1-0

[Event "BL 1718 Schachfr. Berlin - SK Norderste"]
[Site "?"]
[Date "2017.10.23"]
[Round "1.7"]
[White "Kahlert, Thomas"]
[Black "Seyb, Alexander"]
[Result "1/2-1/2"]
[WhiteElo "2195"]
[BlackElo "2403"]
[PlyCount "43"]
[EventDate "2017.??.??"]

1. c4 g6 2. Nc3 c5 3. Nf3 Bg7 4. g3 Nc6 5. Bg2 e6 6. O-O Nge7 7. e3 d5 8. cxd5
Nxd5 9. d4 cxd4 10. Nxd5 exd5 11. Nxd4 Nxd4 12. exd4 Be6 13. Qb3 O-O 14. Qxb7
Bxd4 15. Bf4 Qb6 16. Bxd5 Bxd5 17. Qxd5 Rfd8 18. Qb3 Bxb2 19. Rad1 Qxb3 20.
axb3 Rac8 21. Rxd8+ Rxd8 22. Be3 1/2-1/2

[Event "BL 1718 Schachfr. Berlin - SK Norderste"]
[Site "?"]
[Date "2017.10.23"]
[Round "1.8"]
[White "Schmidek, Emil"]
[Black "Michna, Christian"]
[Result "1-0"]
[WhiteElo "2387"]
[BlackElo "2259"]
[PlyCount "65"]
[EventDate "2017.??.??"]

1. e4 e6 2. d4 d5 3. Nc3 Be7 4. Bd3 Nc6 5. Nf3 Nb4 6. Bf4 Nxd3+ 7. Qxd3 dxe4 8.
Nxe4 Nf6 9. O-O-O c6 10. Nxf6+ Bxf6 11. Be5 Bd7 12. Kb1 Qe7 13. Nd2 O-O-O 14.
Ne4 Be8 15. Qg3 Bxe5 16. dxe5 g6 17. Rd6 c5 18. Nxc5 Bc6 19. Rhd1 Qc7 20. Qa3
Kb8 21. f3 Rc8 22. R1d3 Ka8 23. Rc3 Rhd8 24. Ne4 Qb6 25. Rc5 a6 26. Qe3 Rxd6
27. Nxd6 Rd8 28. b3 f6 29. Nc4 Qa7 30. exf6 Bd5 31. Rxd5 exd5 32. Nb6+ Kb8 33.
Qe5+ 1-0

[Event "BL 1718 SV Hockenheim - Werder Bremen"]
[Site "?"]
[Date "2017.10.23"]
[Round "2.1"]
[White "Areshchenko, Alexander"]
[Black "Howell, David W L"]
[Result "1/2-1/2"]
[WhiteElo "2645"]
[BlackElo "2698"]
[PlyCount "52"]
[EventDate "2017.??.??"]

1. e4 c6 2. d4 d5 3. e5 Bf5 4. Nf3 e6 5. Be2 Ne7 6. O-O c5 7. Be3 cxd4 8. Nxd4
Nbc6 9. Bb5 a6 10. Bxc6+ bxc6 11. c4 dxc4 12. Nxf5 Qxd1 13. Rxd1 Nxf5 14. Nd2
Nxe3 15. fxe3 c3 16. bxc3 O-O-O 17. Nc4 Bc5 18. Kf2 Rd5 19. Ke2 f5 20. exf6
gxf6 21. e4 Rh5 22. Rab1 Rxh2 23. Kf3 Rd8 24. Rxd8+ Kxd8 25. Na5 Kc8 26. Nxc6
Rh5 1/2-1/2

[Event "BL 1718 SV Hockenheim - Werder Bremen"]
[Site "?"]
[Date "2017.10.23"]
[Round "2.2"]
[White "Sasikiran, Krishnan"]
[Black "Fressinet, Laurent"]
[Result "0-1"]
[WhiteElo "2677"]
[BlackElo "2657"]
[PlyCount "100"]
[EventDate "2017.??.??"]

1. e4 e5 2. Nf3 Nc6 3. Bb5 a6 4. Ba4 Nf6 5. O-O Be7 6. Re1 b5 7. Bb3 O-O 8. h3
Bb7 9. d3 d5 10. exd5 Nxd5 11. c3 Qd7 12. Nbd2 Rad8 13. Nf1 Kh8 14. a4 f6 15.
Qe2 b4 16. Bd2 Na5 17. Bc2 Qc6 18. d4 Nc4 19. Bc1 bxc3 20. bxc3 a5 21. Bb3 Ncb6
22. c4 Nb4 23. d5 Qe8 24. Nd4 exd4 25. Qxe7 Ba6 26. Nd2 Nd3 27. Re4 Qxe7 28.
Rxe7 Rfe8 29. Ba3 Rxe7 30. Bxe7 Re8 31. Ba3 Re2 32. Ra2 Nc1 33. Bxc1 Re1+ 34.
Kh2 Rxc1 35. Rb2 g5 36. Ne4 Nxc4 37. Bxc4 Bxc4 38. Nxf6 d3 39. d6 cxd6 40. Rb7
Bg8 41. Nxg8 Kxg8 42. Rb2 Kf7 43. Rd2 Rc3 44. Kg3 Ke6 45. Kf3 Kd5 46. Ke3 Kc4
47. g3 d5 48. f4 gxf4+ 49. gxf4 d4+ 50. Kf3 Rc1 0-1

[Event "BL 1718 SV Hockenheim - Werder Bremen"]
[Site "?"]
[Date "2017.10.23"]
[Round "2.3"]
[White "McShane, Luke J"]
[Black "Balogh, Csaba"]
[Result "1/2-1/2"]
[WhiteElo "2647"]
[BlackElo "2634"]
[PlyCount "102"]
[EventDate "2017.??.??"]

1. e4 e5 2. Nf3 Nc6 3. Bb5 Nf6 4. d3 Bc5 5. Bxc6 dxc6 6. Bd2 Be6 7. Nc3 Nd7 8.
Ng5 Qf6 9. O-O Nf8 10. Rb1 h6 11. Nxe6 Nxe6 12. b4 Bb6 13. a4 a6 14. Ne2 O-O
15. Kh1 Qe7 16. Ng3 Kh7 17. Nf5 Qf6 18. Bc3 g6 19. Ne3 h5 20. Nc4 Bd4 21. Bd2
Qd8 22. c3 b5 23. Ne3 Bb6 24. Qc2 Nf4 25. d4 exd4 26. cxd4 Qxd4 27. Rbd1 Rae8
28. a5 Ba7 29. f3 Qd3 30. g3 Qxc2 31. Nxc2 Ne6 32. Bc3 Rd8 33. Bf6 Rxd1 34.
Rxd1 g5 35. h4 gxh4 36. Bxh4 c5 37. f4 Nd4 38. Nxd4 cxd4 39. Kg2 c5 40. Be7 Re8
41. Bxc5 Bxc5 42. bxc5 Rxe4 43. Kh3 b4 44. c6 b3 45. c7 Re8 46. Rxd4 Rc8 47.
Rb4 Rxc7 48. Rxb3 Rc5 49. Rb6 Rxa5 50. Kh4 Kg7 51. f5 Rxf5 1/2-1/2

[Event "BL 1718 SV Hockenheim - Werder Bremen"]
[Site "?"]
[Date "2017.10.23"]
[Round "2.4"]
[White "Wagner, Dennis"]
[Black "Edouard, Romain"]
[Result "0-1"]
[WhiteElo "2564"]
[BlackElo "2607"]
[PlyCount "76"]
[EventDate "2017.??.??"]

1. d4 d5 2. Nf3 Nf6 3. c4 dxc4 4. e3 Bg4 5. Bxc4 e6 6. h3 Bh5 7. Nc3 Nc6 8. O-O
Bd6 9. Be2 O-O 10. g4 Bg6 11. Nh4 e5 12. Nxg6 hxg6 13. dxe5 Bxe5 14. Qb3 Rb8
15. Rd1 Qe7 16. Bd2 a6 17. Bf3 Bd6 18. g5 Nd7 19. h4 Qe5 20. Ne4 Qh2+ 21. Kf1
Nce5 22. Bg2 Qxh4 23. f4 Ng4 24. Be1 Qh5 25. Nxd6 cxd6 26. e4 Nc5 27. Qg3 Rbe8
28. Rd4 f5 29. Rxd6 Nxe4 30. Qb3+ Kh8 31. Rd5 Qh2 32. Qf3 Nxg5 33. fxg5 Ne3+
34. Kf2 Ng4+ 35. Kf1 Ne3+ 36. Kf2 Nxg2 37. Qg3 Qxg3+ 38. Kxg3 Rxe1 0-1

[Event "BL 1718 SV Hockenheim - Werder Bremen"]
[Site "?"]
[Date "2017.10.23"]
[Round "2.5"]
[White "Hracek, Zbynek"]
[Black "Saric, Ivan"]
[Result "0-1"]
[WhiteElo "2610"]
[BlackElo "2662"]
[PlyCount "130"]
[EventDate "2017.??.??"]

1. e4 c5 2. Nf3 d6 3. d4 cxd4 4. Nxd4 Nf6 5. Nc3 a6 6. g3 Nc6 7. Bg2 Bd7 8. O-O
e6 9. Nxc6 Bxc6 10. a4 Be7 11. Be3 Rc8 12. a5 Nd7 13. Na4 O-O 14. Re1 f5 15.
exf5 Bxg2 16. Kxg2 Rxf5 17. Nb6 Nxb6 18. Bxb6 Qd7 19. c3 Bd8 20. Bxd8 Rxd8 21.
Qd4 Rdf8 22. Re2 R8f6 23. c4 Qc6+ 24. Kg1 e5 25. Qd5+ Qxd5 26. cxd5 Rf3 27. Rd2
Kf7 28. Rc1 Kg6 29. Rc7 Rf7 30. Rc8 Rd7 31. Kg2 Rb3 32. Rc4 Kf5 33. f3 h5 34.
Rh4 Kg6 35. f4 e4 36. f5+ Kxf5 37. Rxh5+ Kg6 38. Rh8 Rd3 39. Rxd3 exd3 40. Rh4
Re7 41. Kf3 Re2 42. b4 Kf5 43. Rd4 Rxh2 44. Rxd3 Rb2 45. g4+ Ke5 46. Re3+ Kxd5
47. Re7 Rb3+ 48. Kf4 Rxb4+ 49. Kg5 Rb5 50. Rxg7 Rxa5 51. Kf6 b5 52. g5 Ra1 53.
Ra7 a5 54. g6 a4 55. g7 Rf1+ 56. Ke7 Rg1 57. Kf7 Kc4 58. g8=Q Rxg8 59. Kxg8 d5
60. Kf7 d4 61. Ke6 d3 62. Ke5 d2 63. Rd7 Kc3 64. Ke4 a3 65. Rc7+ Kb3 0-1

[Event "BL 1718 SV Hockenheim - Werder Bremen"]
[Site "?"]
[Date "2017.10.23"]
[Round "2.6"]
[White "Buhmann, Rainer"]
[Black "Spoelman, Wouter"]
[Result "1/2-1/2"]
[WhiteElo "2564"]
[BlackElo "2586"]
[PlyCount "75"]
[EventDate "2017.??.??"]

1. d4 d5 2. Nf3 c6 3. c4 Nf6 4. e3 Bf5 5. Nc3 e6 6. Nh4 Be4 7. f3 Bg6 8. Qb3
Qc7 9. Bd2 Be7 10. g3 Bh5 11. O-O-O g5 12. g4 Nxg4 13. fxg4 Bxg4 14. Ng2 Bxd1
15. Qxd1 Nd7 16. Kb1 O-O-O 17. cxd5 exd5 18. h4 h6 19. Bd3 Kb8 20. Qf3 Rhf8 21.
Be1 Ka8 22. Ne2 Nb6 23. Ng3 c5 24. Nf5 cxd4 25. exd4 Rc8 26. Ba5 Nc4 27. Bxc4
Qxc4 28. Qb3 Qe2 29. Nge3 Rfe8 30. a3 gxh4 31. Ka2 h3 32. Nxd5 Qe4 33. Nfxe7
Qxh1 34. Nxc8 Rxc8 35. Nc7+ Kb8 36. Na6+ Ka8 37. Nc7+ Kb8 38. Na6+ 1/2-1/2

[Event "BL 1718 SV Hockenheim - Werder Bremen"]
[Site "?"]
[Date "2017.10.23"]
[Round "2.7"]
[White "Babula, Vlastimil"]
[Black "Baramidze, David"]
[Result "0-1"]
[WhiteElo "2556"]
[BlackElo "2610"]
[PlyCount "70"]
[EventDate "2017.??.??"]

1. d4 Nf6 2. Bf4 g6 3. Nc3 Bg7 4. e4 d6 5. Qd2 Nbd7 6. O-O-O O-O 7. Nf3 c5 8.
Bh6 cxd4 9. Nxd4 Bxh6 10. Qxh6 Nc5 11. f3 Qa5 12. Bc4 Be6 13. e5 dxe5 14. Nxe6
fxe6 15. Qe3 Rfc8 16. Rhe1 b5 17. Nxb5 Rab8 18. Na3 e4 19. fxe4 Qb6 20. Bb3 a5
21. Qd4 a4 22. Bc4 Nfxe4 23. Nb5 Nf6 24. Qe5 Kg7 25. g4 Kg8 26. g5 Nd5 27. Rxd5
exd5 28. Bxd5+ e6 29. Bc4 Rc6 30. Rd1 Re8 31. Nd6 Qb8 32. Bb5 Rxd6 33. Qxd6
Qxb5 34. Kb1 a3 35. b3 Ne4 0-1

[Event "BL 1718 SV Hockenheim - Werder Bremen"]
[Site "?"]
[Date "2017.10.23"]
[Round "2.8"]
[White "Braun, Arik"]
[Black "Koop, Thorben"]
[Result "1-0"]
[WhiteElo "2574"]
[BlackElo "2370"]
[PlyCount "139"]
[EventDate "2017.??.??"]

1. c4 c5 2. Nc3 Nc6 3. g3 g6 4. Bg2 Bg7 5. d3 e6 6. Bxc6 dxc6 7. f4 Ne7 8. Nf3
O-O 9. e4 f6 10. Be3 b6 11. h3 e5 12. fxe5 fxe5 13. Qe2 h6 14. O-O-O Be6 15.
Qg2 Qd6 16. g4 Rae8 17. Kc2 Nc8 18. Rhf1 Bd7 19. Bf2 Qe6 20. Bg3 Nd6 21. Rd2
Nf7 22. Rdf2 Nd8 23. Qh2 Qd6 24. Kd2 b5 25. b3 a6 26. Nh4 Rxf2+ 27. Qxf2 Rf8
28. Qg2 Rxf1 29. Qxf1 Be8 30. Ne2 Ne6 31. Nf3 Qc7 32. Kc2 Nf8 33. Qa1 Nd7 34.
Nc3 Qd6 35. Kd2 Bf7 36. Ke2 Be6 37. Nd1 Kh8 38. Ne3 Kh7 39. Qb2 Qc7 40. Qa3 Qb6
41. Be1 Bf8 42. Kd1 Bd6 43. Bg3 Kg8 44. Qb2 Qb8 45. Qh2 Kh7 46. Be1 a5 47. Qb2
Qa8 48. Ke2 a4 49. Qa3 Nb6 50. Bg3 b4 51. Qc1 Nd7 52. bxa4 Qxa4 53. Qb2 Qa8 54.
Nc2 Nb6 55. Qb3 Na4 56. Be1 Nb6 57. a3 Qb8 58. axb4 cxb4 59. Nxb4 Nxc4 60. Qc3
c5 61. Nc2 Nb6 62. Ne3 Qc7 63. Bg3 Nd7 64. Nc4 Bxc4 65. Qxc4 Nb6 66. Qe6 Qd7
67. Qf6 c4 68. d4 Na4 69. Nxe5 Nc3+ 70. Kf3 1-0

[Event "BL 1718 SV Hofheim - SV Mülheim Nord"]
[Site "?"]
[Date "2017.10.23"]
[Round "2.1"]
[White "Fridman, Daniel"]
[Black "Schroeder, Jan-Christian"]
[Result "1-0"]
[WhiteElo "2626"]
[BlackElo "2552"]
[PlyCount "85"]
[EventDate "2017.??.??"]

1. Nf3 d5 2. d4 Nf6 3. c4 e6 4. g3 dxc4 5. Bg2 c6 6. Nc3 Nbd7 7. a4 a5 8. O-O
Be7 9. e4 O-O 10. Bf4 Re8 11. Re1 b6 12. d5 exd5 13. exd5 Bb7 14. d6 Bf8 15.
Rxe8 Nxe8 16. Nd4 Bxd6 17. Bxd6 Nxd6 18. Nxc6 Qf8 19. Nb5 Nb8 20. Nxb8 Nxb5 21.
Nd7 Qe7 22. Bxb7 Rd8 23. Bc6 Na7 24. Qe1 Qxe1+ 25. Rxe1 Nxc6 26. Nxb6 g6 27.
Nxc4 Kg7 28. Kf1 Rd5 29. Rc1 Rc5 30. Rc3 Kf6 31. Nd2 Rxc3 32. bxc3 Ne7 33. Ke2
Nd5 34. Kd3 Nb6 35. Nc4 Nxa4 36. Kd4 Kf5 37. f3 h5 38. Nxa5 h4 39. c4 hxg3 40.
hxg3 g5 41. Nb7 g4 42. f4 Nb6 43. c5 1-0

[Event "BL 1718 SV Hofheim - SV Mülheim Nord"]
[Site "?"]
[Date "2017.10.23"]
[Round "2.2"]
[White "Savchenko, Stanislav"]
[Black "Zelbel, Patrick"]
[Result "1-0"]
[WhiteElo "2477"]
[BlackElo "2458"]
[PlyCount "67"]
[EventDate "2017.??.??"]

1. Nf3 c5 2. c4 Nc6 3. Nc3 g6 4. e3 Nf6 5. d4 cxd4 6. exd4 d5 7. cxd5 Nxd5 8.
Qb3 Nxc3 9. Bc4 Nd5 10. Bxd5 e6 11. Bxc6+ bxc6 12. O-O Qd5 13. Be3 Bd6 14. Bh6
Be7 15. Rfc1 f6 16. Qe3 Kf7 17. Qf4 Ke8 18. h4 Bd7 19. Nd2 Kf7 20. Ne4 Qf5 21.
Nd6+ Bxd6 22. Qxd6 Rhd8 23. Bf8 Rxf8 24. Qxd7+ Kg8 25. Rxc6 Rfd8 26. Qxe6+ Qxe6
27. Rxe6 Rxd4 28. Rxf6 Rxh4 29. Rc1 Rb4 30. Rc7 Rxb2 31. Rff7 Rxa2 32. Rg7+ Kf8
33. Rcf7+ Ke8 34. Rf3 1-0

[Event "BL 1718 SV Hofheim - SV Mülheim Nord"]
[Site "?"]
[Date "2017.10.23"]
[Round "2.3"]
[White "Hausrath, Daniel"]
[Black "Ginsburg, Gennadi"]
[Result "1/2-1/2"]
[WhiteElo "2484"]
[BlackElo "2443"]
[PlyCount "101"]
[EventDate "2017.??.??"]

1. Nf3 Nf6 2. g3 g6 3. Bg2 Bg7 4. O-O O-O 5. d4 d6 6. Re1 Bf5 7. Nbd2 d5 8. c3
c6 9. Nh4 Bg4 10. Qb3 Qb6 11. e4 dxe4 12. Nxe4 Qxb3 13. axb3 Nbd7 14. b4 Nxe4
15. Rxe4 Be6 16. b5 cxb5 17. Re1 Nb6 18. Bxb7 Rad8 19. Ng2 Bf6 20. Bh6 Rfe8 21.
Rxe6 fxe6 22. Bc6 Kf7 23. Bxb5 Rg8 24. h4 g5 25. Be2 Kg6 26. hxg5 Bxg5 27. Bxg5
Kxg5 28. Rxa7 Kf6 29. Ne3 Rg5 30. Ng4+ Kf7 31. Ne5+ Kf6 32. Ra6 Nd5 33. Nd3 Rd6
34. Ra8 Kg7 35. Ra7 h5 36. Kh2 Rf5 37. Kg2 Rd8 38. Nc5 Kf7 39. Nd7 Rg8 40. Ne5+
Kf6 41. Bf3 h4 42. Bg4 Rfg5 43. Kh3 hxg3 44. Kxg3 Rf5 45. c4 Nb4 46. f4 Nc2 47.
d5 Nd4 48. Nd7+ Kf7 49. Ne5+ Kf6 50. Nd7+ Kf7 51. Ne5+ 1/2-1/2

[Event "BL 1718 SV Hofheim - SV Mülheim Nord"]
[Site "?"]
[Date "2017.10.23"]
[Round "2.4"]
[White "Perske, Thore"]
[Black "Saltaev, Mihail"]
[Result "1-0"]
[WhiteElo "2443"]
[BlackElo "2477"]
[PlyCount "79"]
[EventDate "2017.??.??"]

1. e4 c6 2. d4 d5 3. e5 Bf5 4. Nf3 e6 5. Be2 h6 6. O-O Ne7 7. Nbd2 Nd7 8. c3 g5
9. Ne1 Rg8 10. Bh5 c5 11. Nb3 c4 12. Nd2 Qc7 13. Nc2 Ng6 14. Ne3 Bd3 15. Be2
Bxe2 16. Qxe2 Be7 17. g3 O-O-O 18. b3 cxb3 19. c4 dxc4 20. Ndxc4 Nb8 21. axb3
Nc6 22. Bb2 Kb8 23. Qf3 Nb4 24. Rfd1 Qc6 25. Qxc6 bxc6 26. Ba3 Rd7 27. Na5 Rc8
28. Rac1 Nd5 29. Bxe7 Ngxe7 30. Ng4 h5 31. Nf6 Nxf6 32. exf6 Nd5 33. Nxc6+ Ka8
34. Ne5 Rdc7 35. Rc4 Nxf6 36. Nxf7 Rxc4 37. bxc4 g4 38. Nd6 Rd8 39. c5 Nh7 40.
Rc1 1-0

[Event "BL 1718 SV Hofheim - SV Mülheim Nord"]
[Site "?"]
[Date "2017.10.23"]
[Round "2.5"]
[White "Vrolijk, Liam"]
[Black "Lobzhanidze, Davit"]
[Result "1-0"]
[WhiteElo "2422"]
[BlackElo "2432"]
[PlyCount "71"]
[EventDate "2017.??.??"]

1. d4 Nf6 2. c4 d6 3. Nf3 Nbd7 4. g3 e5 5. Bg2 Be7 6. O-O O-O 7. Nc3 c6 8. Qc2
Qc7 9. Rd1 Re8 10. h3 Bf8 11. e4 b5 12. cxb5 cxb5 13. Qb3 a6 14. Be3 exd4 15.
Nxd4 Nc5 16. Qc2 Bb7 17. Nd5 Nxd5 18. exd5 Rac8 19. Rac1 Qd8 20. Nc6 Bxc6 21.
dxc6 Ne6 22. a4 Qc7 23. axb5 axb5 24. Ra1 Ra8 25. Qd3 b4 26. Qc4 Rxa1 27. Rxa1
Nc5 28. Qxb4 Rb8 29. Qa5 Qe7 30. Qa7 Qe8 31. Bd5 Ne6 32. Bb6 Be7 33. c7 Rc8 34.
Qb7 Nc5 35. Bxc5 dxc5 36. Bc6 1-0

[Event "BL 1718 SV Hofheim - SV Mülheim Nord"]
[Site "?"]
[Date "2017.10.23"]
[Round "2.6"]
[White "Gurevich, Vladimir"]
[Black "Warmerdam, Max"]
[Result "1/2-1/2"]
[WhiteElo "2475"]
[BlackElo "2380"]
[PlyCount "86"]
[EventDate "2017.??.??"]

1. e4 c5 2. Nf3 Nc6 3. d4 cxd4 4. Nxd4 e6 5. Nc3 a6 6. g3 Qc7 7. Bg2 Nf6 8. O-O
Nxd4 9. Qxd4 Bc5 10. Bf4 d6 11. Qd2 h6 12. Rad1 e5 13. Be3 Be6 14. Bxc5 dxc5
15. Qd6 Qxd6 16. Rxd6 Rd8 17. Rb6 Rd7 18. Nd5 Nxd5 19. exd5 Bxd5 20. Bxd5 Rxd5
21. Re1 O-O 22. c4 Rd7 23. Rxe5 Rc8 24. h4 f6 25. Rf5 Rcc7 26. h5 Kf7 27. Kg2
Ke7 28. Rf3 Rd6 29. Re3+ Kd7 30. Rxd6+ Kxd6 31. Kf3 Re7 32. Rxe7 Kxe7 33. Ke4
Ke6 34. g4 Kd6 35. Kf5 Ke7 36. Kg6 Kf8 37. a3 b5 38. cxb5 axb5 39. Kf5 Ke7 40.
Ke4 Ke6 41. b3 Kd6 42. f3 Kc6 43. a4 Kb6 1/2-1/2